|
|
|
|
| LEADER |
00000nab a2200000uu 4500 |
| 001 |
vtls010876475 |
| 003 |
SK-MaSNL |
| 005 |
20260303164015.0 |
| 008 |
230303|1972 xo |||||||||||||||||eng| |
| 015 |
|
|
|a SNBRB
|
| 035 |
|
|
|a (urnnbn)urn:nbn:sk:snk:ar-006a74
|
| 035 |
|
|
|a (uuid)c7c366e3-8dec-408b-9091-2e7f87077878
|
| 035 |
|
|
|a urn:nbn:sk:snk-ab7q3r
|
| 040 |
|
|
|a SNKBUCL
|b slo
|c SNKBUCL
|e AACR2
|
| 041 |
0 |
|
|a eng
|
| 044 |
|
|
|a xo
|c SK
|
| 100 |
1 |
|
|a Charlesby, Arthur,
|d 1915-1996
|4 aut
|9 1189215
|
| 245 |
1 |
0 |
|a A Mechanism for the Enhanced Crosslinking of Polyethylene by the Incorporation of Acrylic Acid
|c A. Charlesby, D. Campbell
|
| 700 |
1 |
|
|a Campbell, D.
|q (Donald),
|d 1937-
|4 aut
|9 1189216
|
| 773 |
0 |
|
|t Chemické zvesti
|g Roč. 26, č. 3 (1972), s. 250-257
|
| 954 |
|
|
|a odborná, vedecká literatúra cudzojazyčná (svetová)
|2 lita
|
| 958 |
|
|
|a OND
|
| 958 |
|
|
|a EUIPO
|
| 958 |
|
|
|a article8
|
| 999 |
|
|
|c 2062721
|d 2064651
|